000 00534nam a2200193Ia 4500
005 20250508162928.0
008 008 250505s9999 xx 000 0 eng d
037 _aTextual
040 _aFEDL
_beng
_cFEDL
041 _aeng
_2eng
084 _a330.126, BAN
_qFEDL
100 _aBanerjee K.C.
_9774423
245 0 _aChallenge of a modern welfare state
260 _aCalcutta, India
_bK.C. Banerjee
_c1991
300 _a216p.
650 _aEconomics
942 _cTEXL
_h330.126, BAN
999 _c1379483
_d1379483